01820nam a22002057a 4500003001000000005001700010008004100027020001800068040001400086041000700100100003200107245013200139260002700271300001200298500005900310520112600369650002401495654001801519700007701537IT-MiCISF20260225145539.0161221b xxu||||| |||| 00| 0 eng d a9788851417703 cIT-MiCISF ait aZanetti Eugenio (a cura di) aPorte aperte.bAccompagnare, discernere, integrare vissuti di separazione, divorzio o nuova unione alla luce di Amoris Laetitia aMilano,bAncora,c2016 app. 111 apastorale-familiare, nuove-nozze, divorzio, esperienze aIn un tempo in cui Amoris laetitia di Papa Francesco ha portato alla Chiesa un rinnovato impulso per la pastorale della famiglia e in particolare delle famiglie ferite, questo libro vuole offrire un contributo alla realizzazione di adeguati cammini nelle chiese locali. Si tratta della testimonianza di ciò che da vent’anni nella diocesi di Bergamo il gruppo “La Casa” sta svolgendo per e con persone separate, divorziate o risposate. Un racconto degli itinerari di preghiera, formazione e orientamento, arricchito da intense testimonianze di chi ha vissuto sulla propria pelle esperienze di separazione, divorzio e magari avvio di una nuova unione, e ha il desiderio di rileggere la propria vita alla luce della fede cristiana, dentro la comunità ecclesiale. Accompagnare, discernere, integrare in una Chiesa che apre le sue porte ai fratelli feriti nell’amore e bisognosi di amore, che a loro volta hanno aperto il loro cuore e chiedono accoglienza e comprensione: questo è lo spirito che anima le iniziative del gruppo “La Casa”. (Con le testimonianze del gruppo "La Casa" della diocesi di Bergamo) aPastorale-familiare atestimonianza aDella Giovanna M., Dal Molin O., Gruppo La Casa della Diocesi di Bergamo